000 00677nam a22002057a 4500
005 20131218111440.0
010 _aENG-108858
020 _a9789383158010
_c895.00
035 _aEN-92391
037 _bDBAD/PUB
082 _a004.6782
100 _aSwain, Chandrakanta
245 _aCloud computing in digital library /
_cby Chandrakanta Swain [and] Pradip Kumar Nikhandia
260 _aNew Delhi
_bS.K. Book Agency
_c2013
270 _a5A/12, Ansari Road Daryaganj
_bNew Delhi
_e110002
300 _aix,270p.
_c22cm(Hb)
500 _aIncludes bibliographical references and index
700 _aNikhandia, Pradip Kumar
942 _2ddc
_cEN
_mSWA
_h004.6782
999 _c81210
_d81210